Quiz nach Harry Potter Schulfächern - Statistiken

Allgemein
  • Dieses Quiz wurde 454 mal gespielt
  • Das Durchschnittsergebnis liegt bei 7 aus 9
Antwortstatistiken
Fach Frage Antwort % Korrekt
Muggelkunde Mit was bewegen sich ein Muggel fort? Auto
95%
Besenflugstunden Wie heißt das goldene Objekt in Quidditch? Schnatz
95%
Verwandlung In was kann sich Minerva Mcgonagall verwandeln? Katze
94%
Zauberkunst Mit welchem Zauber kann man Dinge herbeirufen? Accio
84%
Zaubertränke Mit welchem Trank kann man sich verwandeln? Vielsaft-Trank
81%
Verteidigung gegen die dunklen Künste Mit welchem Fluch kann man jemanden Quälen? Crucio
76%
Kräuterkunde Welche Pflanze schreit sobald man sie aus der Erde zieht? Alraune
74%
Geschichte der Zauberei Wer war der ehemalige Partner von Albus Dumbledore? Gellert Grindelwald
73%
Pflege magischer Geschöpfe Welche Drachenart bewacht Gringotts? Ukrainischer Eisenbauch
13%
Keine übereinstimmenden Quizze gefunden
Verteilung der Resultate
Anzahl Personen mit jedem Resultat
Perzentil nach korrekt beantworteten Fragen
Ihre Resultats-Entwicklung
Sie haben dieses Quiz noch nicht gespielt